El oculto manantial y otros poemas / (Record no. 23581)

MARC details
000 -LEADER
campo de control de longitud fija 00427nam a2200157 i 4500
001 - NÚMERO DE CONTROL
campo de control 23581
003 - IDENTIFICADOR DE NÚMERO DE CONTROL
campo de control ES-MaACL
005 - FECHA Y HORA DE LA ÚLTIMA TRANSACCIÓN
campo de control 20230906152911.0
007 - CAMPO FIJO DE DESCRIPCIÓN FÍSICA--INFORMACIÓN GENERAL
campo de control de longitud fija t|
008 - DATOS DE LONGITUD FIJA--INFORMACIÓN GENERAL
campo de control de longitud fija 021211s1925 sp ||||1| spa d
100 1# - ENTRADA PRINCIPAL--NOMBRE DE PERSONA
Nombre de persona Alvarez Cerón, M.
9 (RLIN) 20732
245 13 - MENCIÓN DEL TÍTULO
Título El oculto manantial y otros poemas /
Mención de responsabilidad, etc. M. Alvarez Cerón.
260 ## - PUBLICACIÓN, DISTRIBUCIÓN, ETC.
Lugar de publicación, distribución, etc. Segovia :
Nombre del editor, distribuidor, etc. Carlos Martín,
Fecha de publicación, distribución, etc. 1925.
300 ## - DESCRIPCIÓN FÍSICA
Extensión 202 p. ;
Dimensiones 17 cm.
852 ## - LOCALIZACIÓN
Ubicación ES-MaACL
Número de control de estantería F-13575
Holdings
Estatus retirado Estado de pérdida Estado de daño No para préstamo Biblioteca de origen Biblioteca actual Ubicación en estantería Fecha de adquisición Fuente de adquisición Total de préstamos Signatura topográfica completa Código de barras Visto por última vez Precio de reemplazo Tipo de ítem Koha
        Biblioteca del Ateneo de Madrid Biblioteca del Ateneo de Madrid Sala Pecera Planta 2 17/01/2008     F-13575 1024299 23/02/2023 23/02/2023 Libro impreso